|
|
|
|
| LEADER |
00000cam a22000004a 4500 |
| 001 |
musev2_67396 |
| 003 |
MdBmJHUP |
| 005 |
20230905050933.0 |
| 006 |
m o d |
| 007 |
cr||||||||nn|n |
| 008 |
750523s1975 miu o 00 0 eng d |
| 010 |
|
|
|z 75016391
|
| 020 |
|
|
|a 9780814343531
|
| 020 |
|
|
|z 9780814343548
|
| 020 |
|
|
|z 0814343538
|
| 035 |
|
|
|a (OCoLC)1111950938
|
| 040 |
|
|
|a MdBmJHUP
|c MdBmJHUP
|
| 043 |
|
|
|a e-uk-en
|
| 050 |
0 |
4 |
|a DS146.G7
|b G56
|
| 082 |
0 |
|
|a 941/.004/924
|
| 100 |
1 |
|
|a Glassman, Bernard,
|d 1937-
|
| 245 |
1 |
0 |
|a Anti-Semitic Stereotypes without Jews :
|b Images of the Jews in England 1290-1700 /
|c Bernard Glassman.
|
| 264 |
|
1 |
|a Detroit :
|b Wayne State University Press,
|c 1975.
|
| 264 |
|
3 |
|a Baltimore, Md. :
|b Project MUSE,
|c 2019
|
| 264 |
|
4 |
|c ©1975.
|
| 300 |
|
|
|a 1 online resource.
|
| 336 |
|
|
|a text
|b txt
|2 rdacontent
|
| 337 |
|
|
|a computer
|b c
|2 rdamedia
|
| 338 |
|
|
|a online resource
|b cr
|2 rdacarrier
|
| 500 |
|
|
|a Includes index.
|
| 504 |
|
|
|a Bibliography: p. 172-184.
|
| 506 |
0 |
|
|a Open Access
|f Unrestricted online access
|2 star
|
| 588 |
|
|
|a Description based on print version record.
|
| 650 |
|
0 |
|a Jews
|z England
|x History.
|
| 650 |
|
0 |
|a Antisemitism
|z England
|x History.
|
| 651 |
|
0 |
|a Great Britain
|x Civilization
|x Jewish influences.
|
| 655 |
|
7 |
|a Electronic books.
|2 local
|
| 710 |
2 |
|
|a Project Muse.
|e distributor
|
| 830 |
|
0 |
|a Book collections on Project MUSE.
|
| 856 |
4 |
0 |
|z Texto completo
|u https://projectmuse.uam.elogim.com/book/67396/
|